Notes from New York and Other Poems /

保存先:
書誌詳細
第一著者: Tomlinson, Charles (autor)
フォーマット: 図書
言語:英語
出版事項: Oxford, EUA : Oxford University, 1984, c1984
主題:
タグ: タグ追加
タグなし, このレコードへの初めてのタグを付けませんか!

MARC

LEADER 00000nam^a2200000^a^4500
001 000133841
005 20250521000000.0
009 20260310095146.843
020 |a 0-19-211959-1 
037 |a Acervo ITESO - Biblioteca 
041 |a ING 
082 |a 811.  |b TOM 
100 |a Tomlinson, Charles  |e (autor) 
245 1 0 |a Notes from New York and Other Poems /  |c C. Tomlinson. 
264 4 |a Oxford, EUA :  |b Oxford University,  |c 1984, c1984 
300 |a 64 p. 
336 |a texto  |b txt  |2 rdacontenido 
337 |a sin mediación  |b n  |2 rdamedio 
338 |a volumen  |b nc  |2 rdasoporte 
649 |a XX 
650 |a Poesía Norteamericana 
650 |a Literatura Norteamericana -  |y Siglo XX 
650 |a Nueva York, EUA en la Literatura 
910 |a Fondo General 
920 |a Impresos - Libros 
930 |a Colección General 
940 |a Literatura 
905 |a 101 
901 |a 0500062664  |b IT1  |c LIT  |u 20250521 
902 |a https://opac.biblio.iteso.mx/vufind/Record/000133841